Southville International School and Colleges
Your cart is empty.
  • Cart
  • Lists
    Public lists Eva Luna New books Lux_list list_1
    Your lists Log in to create your own lists
  • Log in to your account
  • Your cookies
  • Search history
Southville International School and Colleges
  • Advanced search
  • Recent comments
  • Most popular
  • Libraries

Log in to your account

Log in with GOOGLE


If you do not have an external account, but do have a local account, you can still log in:

  1. Home
  2. MARC view: Accounting for hospitality, tourism and leisure
Normal view MARC view ISBD view

Accounting for hospitality, tourism and leisure (Record no. 14184)

[ view plain ]
MARC details
000 -LEADER
fixed length control field 00487nam a22001697a 4500
003 - CONTROL NUMBER IDENTIFIER
control field PILC
005 - DATE AND TIME OF LATEST TRANSACTION
control field 20150112093425.0
008 - FIXED-LENGTH DATA ELEMENTS--GENERAL INFORMATION
fixed length control field 130215t xxu||||| |||| 00| 0 eng d
020 ## - INTERNATIONAL STANDARD BOOK NUMBER
International Standard Book Number 0582312957
050 ## - LIBRARY OF CONGRESS CALL NUMBER
Classification number HF 5686.H75
Item number .Ow97 1998
082 ## - DEWEY DECIMAL CLASSIFICATION NUMBER
Classification number ASF 657.1837
Item number Ow2 1998
245 ## - TITLE STATEMENT
Title Accounting for hospitality, tourism and leisure
Statement of responsibility, etc Gareth Owen
260 ## - PUBLICATION, DISTRIBUTION, ETC. (IMPRINT)
Place of publication, distribution, etc London
Name of publisher, distributor, etc Pitman
Date of publication, distribution, etc 1998.
300 ## - PHYSICAL DESCRIPTION
Extent 460 pages :
Dimensions 25 cm.
Other physical details illustration ;
500 ## - GENERAL NOTE
General note Includes index.
942 ## - ADDED ENTRY ELEMENTS (KOHA)
Source of classification or shelving scheme Library of Congress Classification
Koha item type Books
Holdings
Withdrawn status Lost status Source of classification or shelving scheme Damaged status Home library Current library Shelving location Date acquired Total Checkouts Full call number Barcode Date last seen Copy number Price effective from Koha item type
    Library of Congress Classification   Southville International School Affiliated with Foreign Universities Library Southville International School Affiliated with Foreign Universities Library Southville Foreign University Section 02/15/2013   HF 5686.H75 .Ow97 1998 SFU0668 05/15/2018 1 02/15/2013 Books

Accounting for hospitality, tourism and leisure

APA

(1998). Accounting for hospitality, tourism and leisure. London: Pitman.

Chicago

1998. Accounting for hospitality, tourism and leisure. London: Pitman.

Harvard

(1998). Accounting for hospitality, tourism and leisure. London: Pitman.

MLA

Accounting for hospitality, tourism and leisure. London: Pitman. 1998.

  • Place hold
  • Print
  • Cite
  • Add to your cart (remove)
  • Save record
    BIBTEX Dublin Core MARCXML MARC (non-Unicode/MARC-8) MARC (Unicode/UTF-8) MARC (Unicode/UTF-8, Standard) MODS (XML) RIS
  • More searches
    Search for this title in:
    Other Libraries (WorldCat) Other Databases (Google Scholar) Online Stores (Bookfinder.com) Open Library (openlibrary.org)

Exporting to Dublin Core...

SOUTHVILLE LIBRARY

Southville International School and Colleges Library

1281 Tropical Ave. Cor. Luxembourg St., BF Homes International, Las Pinas City

Tel. No. 8256374 / 252358 Loc. 117/146

Powered by Koha